| LEADER 00000nam 2200000uu 4500 |
| 008 150424s2557||||th 000 0 tha d |
| 041 0 ^atha^beng
|
| 050 4 ^aวพ HV5283.T5 ภ368ผ 2557
|
| 100 0 ^aภัทรพล โพนไพรสันต์
|
| 245 00 ^aรายงานวิทยานิพนธ์เรื่อง ผลการประยุกต์ใช้โปรแกรมการป้องกันการดื่มเครื่องดื่มแอลกอฮอล์ในนักเรียนมัธยมศึกษาตอนปลาย โรงเรียนเหล่ากลางวิทยาคม ตำบลเหล่ากลาง อำเภอฆ้องชัย จังหวัดกาฬสินธุ์/^bภัทรพล โพนไพรสันต์.
|
| 246 0 ^aThe Application Program for Prevention Aalcohol Consumption of the Student Among Laoklang Wittayakhom Secondary School,Laoklang Sub-District, Khongchai District, Kalasin Province
|
| 260 ^aมหาสารคาม : ^bมหาวิทยาลัยมหาสารคาม,^c2557.
|
| 300 ^a[ก]-ซ,159 หน้า;^bภาพประกอบ.
|
| 500 ^aวิทยานิพนธ์ (สม.) - - สาขาวิชาสาธารณสุขศาสตร์ มหาวิทยาลัยมหาสารคาม,2557.
|
| 650 4 ^aเครื่องดื่มที่มีแอลกอฮอล์ ^zไทย ^zกาฬสินธุ์
|
| 650 4 ^aการดื่มสุรา
|
| 650 4 ^aนักเรียนมัธยมศึกษา ^xสุขภาพและอนามัย ^zไทย ^zกาฬสินธุ์
|
| 650 4 ^aวิทยานิพนธ์
|
| 710 2 ^aมหาวิทยาลัยมหาสารคาม. สาขาวิชาสาธารณสุขศาสตร์.
|
| 999 ^aใช้งานได้ทุกระบบ
|